| 000 | 01127nam a2200289 i 4500 | ||
|---|---|---|---|
| 001 | 86340 | ||
| 003 | ES-MaACL | ||
| 005 | 20240613130803.0 | ||
| 007 | t| | ||
| 008 | 041228s2000 sp ||||1| spa d | ||
| 022 | _a0210-0630 | ||
| 080 | _a(058)069(460) | ||
| 245 | 0 | 0 |
_aDel aula al museo _b: guía didáctica del patrimonio [ _hRecurso electrónico] / _cF. Xavier Hernández, Edmon Castells y Laura Costa. |
| 260 |
_a[Barcelona] : _bPraxis, _c[2000?] |
||
| 300 |
_a1 disco compacto (CD-ROM) ; _c12 cm. |
||
| 490 | 1 | _aCuadernos de pedagogía (CD-ROM | |
| 500 | _aRequerimientos mínimos del sistema: Procesador 486 DX, Pentium, Windows 3.1, monitor 640 x 480, 256 colores, 6 Mb memoria RAM. Windows versión 3.1 o superior. | ||
| 500 | _aDistribuido con la revista Cuadernos de Pedagogía. | ||
| 650 | 4 |
_aMuseos- _zEspaña- _vDirectorios. _915367 |
|
| 700 | 1 |
_aHernández, F. X. _962805 |
|
| 700 | 1 |
_aCastells, Edmon. _936585 |
|
| 700 | 1 |
_aCosta, Laura. _941064 |
|
| 830 | 0 |
_aCuadernos de pedagogía (CD-ROM) _9183997 |
|
| 852 |
_aES-MaACL _jROT 1/6/38 |
||
| 942 | _2udc | ||
| 999 |
_c86340 _d86340 |
||